Zgadnij państwo po trzech słowach #2 - Statystyki

Ogólne statystyki
  • Ten quiz został rozwiązany 15 razy
  • Średni wynik to 16 z 22
Statystyki odpowiedzi
Wskazówki Państwo % Poprawnych
Boomerang, Billabong, Brisbane Australia
100%
Panda, Jadeit, Mandaryński Chiny
100%
Bagietka, Beret, Bordeaux Francja
100%
Samba, Karnawał, Pelé Brazylia
86%
Samsung, Inczhon, Kimchi Korea Południowa
86%
Himalaje, Szerpowie, Katmandu Nepal
86%
Tesla, Bałkany, Djoković Serbia
86%
Neutralność, Zegarki, Banki Szwajcaria
86%
Mekka, Beduini, Aramco Arabia Saudyjska
79%
Jutlandia, Hamlet, Legoland Dania
79%
Gimnastyka, Wampiry, Ceaușescu Rumunia
79%
Osmańskie, Bosfor, Kapadocja Turcja
79%
Gulasz, Madziarzy, Balaton Węgry
79%
Tết, Phở, Nguyễn Wietnam
71%
Kandahar, Talibowie, Paszto Afganistan
64%
Sauna, Suomi, Sibelius Finlandia
64%
Flandria, Trapiści, Gofry Belgia
50%
Ajatollah, Farsi, Zaratusztra Iran
50%
Igbo, Abudża, Nollywood Nigeria
50%
Papierosy, Mojito, Camagüey Kuba
43%
Trujillo, Hispaniola, Baseball Dominikana
21%
Kibuc, Kneset, Negew Izrael
21%
Nie znaleziono quizów pasujących do podanych kryteriów
Rozkład punktacji
Procent ludzi z każdym wynikiem
Percentyl według liczby udzielonych odpowiedzi
Twoja historia wyników
Nie rozwiązałeś tego quizu